<?xml version="1.0" encoding="UTF-8"?>
<collection xmlns="http://www.loc.gov/MARC21/slim">
 <record>
  <leader>00747nam a2200205   4500</leader>
  <controlfield tag="001">000003971</controlfield>
  <controlfield tag="003">99</controlfield>
  <controlfield tag="005">20150812140852.0</controlfield>
  <controlfield tag="008">110713s                               sd</controlfield>
  <datafield tag="245" ind1="0" ind2="0">
   <subfield code="a">Lịch sử Văn học Việt Nam</subfield>
  </datafield>
  <datafield tag="774" ind1=" " ind2=" ">
   <subfield code="b">In lần thứ năm có sửa chữa</subfield>
   <subfield code="d">Giaó dục</subfield>
   <subfield code="d">H.</subfield>
   <subfield code="d">1978</subfield>
   <subfield code="g">Tập 1</subfield>
   <subfield code="h">220 tr.</subfield>
   <subfield code="t">Văn học dân gian</subfield>
   <subfield code="w">102</subfield>
  </datafield>
  <datafield tag="774" ind1=" " ind2=" ">
   <subfield code="a">Bùi Văn Nguyên</subfield>
   <subfield code="b">In lần thứ năm có sửa chữa</subfield>
   <subfield code="d">Giaó dục</subfield>
   <subfield code="d">H.</subfield>
   <subfield code="d">1978</subfield>
   <subfield code="g">Tập 2</subfield>
   <subfield code="h">136 tr.</subfield>
   <subfield code="t">Văn học viết. Thời kỳ I: Các giai đoạn I, II, và III</subfield>
   <subfield code="w">103</subfield>
  </datafield>
  <datafield tag="OWN" ind1=" " ind2=" ">
   <subfield code="a">LSP</subfield>
  </datafield>
  <datafield tag="999" ind1=" " ind2=" ">
   <subfield code="a">From the UDN01</subfield>
  </datafield>
  <datafield tag="TYP" ind1=" " ind2=" ">
   <subfield code="a">Monograph</subfield>
  </datafield>
  <datafield tag="TYP" ind1=" " ind2=" ">
   <subfield code="a">Printed language</subfield>
  </datafield>
  <datafield tag="980" ind1=" " ind2=" ">
   <subfield code="a">Mạng thư viện Đại học Đà Nẵng</subfield>
  </datafield>
 </record>
</collection>
